000 01904cam a2200385 a 4500
001 he 68003358
003 DLC
005 20260227111505.0
008 910313r19661870is 00010 heb
010 _ahe 68003358
035 _a(CStRLIN)DCLH91-B720
040 _aDLC-R
_cDLC-R
_dDLC-R
_dDLC
050 0 0 _aBM522.21
_b.L4 1966
066 _c(2
100 0 _6880-01
_aAleksander Sender,
_d-1818.
240 1 0 _6880-02
_aZikhron devarim
245 1 0 _6880-03
_aSefer Zikhron devarim :
_bderushim niflaʼim, beʼurim u-ferushim bi-fesuḳe Tanakh u-midreshe Ḥazal, beʼurim ba-Rambam uve-Z. ha-ḳ. /
_cshe-ḥibber Aleksander Sender.
260 _6880-04
_aYerushalayim :
_bBe-hotsʼot ha-Yeshivah "Hekhal ha-berakhah-ṿe-Dameśeḳ Eliʻezer",
_c1879 [1966 or 1967]
300 _a2 v. ;
_c20-23 cm.
500 _aCover title: Zikhron devarim.
500 _aVol. 2 published: Prezemishel : Deruḳ des A. Zafniḳ eṭ. Ḳnaller, 1879.
500 _aVol. 1 published: 727.
500 _aVol. 2 includes material by Isaac Judah Jehiel Safrin.
500 _aVol. 1 originally published: Levov, 731 [1870 or 1871].
650 0 _aResponsa
_y1800-1948.
650 0 _aCabala.
700 1 _6880-05
_aSafrin, Isaac Judah Jehiel,
_d1806-1874.
740 0 _6880-06
_aZikhron devarim.
880 0 _6100-01/(2/r
_aאלכסנדר.
880 1 0 _6240-02/(2/r
_aזכרון דברים
880 1 0 _6245-03/(2/r
_aספר זכרון דברים :
_bדרושים נפלאים, ביאורים ופירושים בפסוקי תנ״ך ומדרשי חז״ל, ביאורים ברמב״ם ובזוה״ק /
_cשחיבר אלכסנדר סנדר.
880 _6260-04/(2/r
_aירושלים :
_bבהוצאות הישיבה ״היכל הברכה־ודמשק אליעזר״,
_c1879 [1966 or 1967].
880 0 _6700-05/(2/r
_aיצחק יהודה יחיאל,
_cמקאמרנא.
880 0 _6740-06/(2/r
_aזכרון דברים.
999 _c33867
_d33867